00794nam a2200241Ia 450000500170000000800410001702000180005810000330007624500390010925000180014830000580016649000130022450000420023765000370027965000390031665000330035526400300038833600270041833700330044533800280047804000350050608400110054120220317001521.0161108s2016 ck a g 000 p s  a97895888864971 aJodorowsky, Alejandrod1920-10aYo, el tarotcAlejandro Jodorowsky a1a. edición a153 páginasbilustraciones en blanco y negroc19 cm aBolsillo aIncluye datos biográficos del autor142LEMBaPoesía chilenaySiglo XX142LEMBaLiteratura chilenaySiglo XX142LEMBaTarot en la literatura aBogotábSiruelac[2016] atextobtxt2rdacontent asin mediaciónbn2rdamedia avolumenbnc2rdacarrier aCO-BoRNBPbspaerdacCO-BoRNBP aP JOD1